Turkey all time starting xi - Statistics

General Stats
  • This quiz has been taken 63 times
    26 since last reset
  • The average score is 5 of 11
Answer Stats
Hint Answer % Correct
MF(2013- Hakan Çalhanoğlu
83%
FW(2006-2022 Burak Yılmaz
72%
MF(2006-2017 Arda Turan
67%
FW(1992-2007 Hakan Şükür
67%
GK(1994-2009 Rüştü Reçber
56%
MF(2000-2019 Emre Belözoğlu
39%
DF(2018- Zeki Çelik
39%
DF(1990-2005 Bülent Korkmaz
33%
FW(2013-2024 Cenk Tosun
28%
DF(2011-2017 Ömer Toprak
22%
DF(1995-2005 Alpay Özalan
11%
No matching quizzes found
Score Distribution
Percent of People with Each Score
Percentile by Number Answered
Your Score History
You have not taken this quiz since the last reset